Science politique #2 : Le pouvoir - Statistiques

Statistiques générales
  • Ce quiz a été pris 8 fois
  • Le résultat moyen est 5 sur 20
Statistiques - réponses
Questions Réponses % Correct
Grâce à quelle élément l'obéissance des citoyens peut elle être obtenu sans recours à la contrainte ? La légitimité (libre choix dans le cadre d'une démocratie)
57%
2) croyance dans les capacités extraordinaires de quelqu'un. L’individu parait exceptionnel donc on le reconnaît comme chef. légitimité charismatique
57%
Donner l'élément attaché à ces définitions : 1) l’habitude, on a toujours fait comme ça donc c’est bien, sinon on aurait arrêté. légitimité traditionnelle
57%
D'où le pouvoir descendait-il dans l'Ancien Régime ? De Dieu / pouvoir divin
43%
Qui émets la théorie du contrat social ? Thomas Hobbes
43%
Selon quel philosophe le pouvoir politique vient il du pouvoir paternel ? Aristote
29%
Donner l'approche du pouvoir se référant à la définition : 1) considérer le pouvoir politique comme synonyme de pouvoir d’Etat, symbolisé par les autorités, les gouvernants Institutionnaliste
29%
Quel ethnologue français a passé plusieurs années en Amérique du Sud avec les indiens Guayaki pour étudier leur société ? Pierre Clastres
29%
2) considérer le pouvoir comme un capital, une chose détenue en propriété par un individu ou un groupe, (une matière qui peut être possédé, propriété privé d’une famille, d’un clan, d’une personne (expression : avoir du pouvoir ) substantialiste
29%
Que conteste William Lapierre sur les conclusions de cet ethnologue ( société sage selon lui et sans réelle contraintes ) Contraintes sur les femmes / Contraintes sur les jeunes / Contrainte sur le "chef"
14%
3) placer l’accent sur la relation de pouvoir. Aucune n’est bonne, elles sont utilisés en fonction de l’époque interactionniste
14%
A l'inverse le nazisme invoque lui plutôt : La loi du plus fort / la loi de la jungle
14%
Quel théorie suppose que le pouvoir réside dans le contrôle de l'incertitude, que si vous arrivez à rendre votre comportement incertain pour l’adversaire et que vous arrivez à savoir ce que l’autre va faire alors vous avez un pouvoir sur lui. La Théorie des jeux
14%
Quel expérience montre l’effet de la masse qui amène les gens à changer de comportement même en ayant raison ? L'effet Asch
14%
3) légitimité fondée sur le respect de procédure. On est légitime car on a respecté des règles. Liée à un pouvoir appartenu par les institutions, le pouvoir est dépersonnalisé. légitimité légale rationnelle
14%
Dans quelle société étudié par Lucy Mair le pouvoir était il diffusé dans la société, et s'autogéré ? Les Nuers
14%
Quelle célèbre expérience montre que l'obéissance des personnes lorsqu'une autorité légitime les obligent à réaliser des choses qu'il ne ferait pas en temps normal a montré qu'on obtenait un taux de 65% d'obéissance absolue même pour des actes illégale ou immorale L'expérience de Milgram
14%
A quoi sert le pouvoir selon Locke et Rousseau ? Maintenir l'harmonie
14%
Quels sont les trois grandes catégories de ressources ? (tous les moyens susceptibles de peser sur les partenaires de la relation de pouvoir.) Production de biens / Protection outil de communications / capacité à faire le droit et le faire appliquer
14%
Citer les fonctions importantes que remplit le pouvoir (une des trois ) Produire pour la survie / Communiquer au sein de la société / Maitriser, justice, sanction
14%
Aucun quiz correspondant
Distribution des résultats
% des personnes avec chaque résultat
Percentile par nombre de réponses
Votre historique - résultats
Vous n’avez pas pris ce quiz